000 00226nam a22000857a 4500
008 161013b xxu||||| |||| 00| 0 eng d
100 _9829
_aVerma.R.
245 _aCCE-Science Manual
260 _aNew Delhi
_bS. Chand Publications
_c2012
999 _c3481
_d3481